| 000 | 01008cam a2200313 4500 | ||
|---|---|---|---|
| 999 |
_c20388 _d20388 |
||
| 001 | 356980 | ||
| 003 | BDDh-ASL | ||
| 005 | 20231015025901.0 | ||
| 008 | 711230s1970 ne b 001 0 eng | ||
| 010 | _a 76874378 | ||
| 015 | _aNe70-29 | ||
| 040 |
_aDLC _cDLC _dDLC _dBDDh-ASL |
||
| 043 |
_ae-sp--- _ama----- |
||
| 050 | 0 | 0 |
_aDP103 _b.M64 |
| 082 | 0 | 0 |
_a297.09 _bMOI |
| 100 | 1 | _aMonroe, James T. | |
| 245 | 1 | 0 |
_aIslam and the Arabs in Spanish scholarship (sixteenth century to the present) / _cBy James T. Monroe. |
| 260 |
_aLeiden: _bBrill, _c1970 |
||
| 300 |
_ax, 298 p. _c25 cm. |
||
| 350 | _afl56.00 | ||
| 440 | 0 |
_aMedieval Iberian peninsula. Text and studies, _vv. 3 |
|
| 504 | _aBibliography: p. [271]-291. | ||
| 650 | 0 |
_aMuslims _zSpain _xHistoriography. |
|
| 650 | 0 |
_aMiddle Ages _xHistoriography. |
|
| 651 | 0 |
_aSpain _xHistory _y711-1516 _xHistoriography. |
|
| 651 | 0 |
_aArab countries _xStudy and teaching _zSpain. |
|
| 906 |
_a7 _bcbc _corignew _d3 _encip _f19 _gy-gencatlg |
||
| 942 |
_2ddc _cBK |
||